000 00741nam a22002057a 4500
999 _c13553
_d13553
003 AR-CdUCM
008 190415b ||||| |||| 00| 0 spa d
040 _aMUNICIPALIDAD PROVINCIAL DEL CUSCO
_cBIBLIOTECA MUNICIPAL DEL CUSCO
082 _a398 /
_bM26 / 1975
100 _aMartinez Gamarra, Isaac
_932012
245 _aFolklore Literario del sur Peruano :
_bEstudio fundamental e interpretación sociológica de los cuentos Autóctonos /
260 _aCerro de Pasco :
_bEdit. Andeamericana,
_c1975.
300 _a96 paginas ;
_c20 cm.
505 _aContenido :Folklore Literario del sur Peruano /
650 _aFolklore
_91081
650 _aPerú
_935
650 _aSociologia
_9276
942 _2ddc
_cLIBROS
945 _arjall
_d2019-04-15